Bolton Wanderers players (2010-2020) - Statistics

General Stats
  • This quiz has been taken 14 times
  • The average score is 55 of 149
Answer Stats
Rank Player Positions Nationality Matches Goals (assists) Period % Correct
27 Adam Le Fondre ST 53 15 (3) 2014-2015, 2017-2019
83%
8 Tim Ream CB 114 0 (8) 2011-2015
83%
5 Zat Knight CB 133 3 (2) 2010-2014
83%
68 Aaron Wilbraham ST 23 2 (2) 2017-2018
67%
10 Ádám Bogdán GK 104 0 (1) 2010-2015
67%
36 Andrew Taylor LB 46 0 (1) 2017-2019
67%
55 Antonee Robinson LB 30 0 (4) 2017-2018
67%
35 Ben Amos GK 49 0 (0) 2014-2016
67%
4 Chung-yong Lee RW 142 13 (25) 2010-2015
67%
28 Craig Davies ST 53 10 (1) 2012-2015
67%
2 Darren Pratley CM 165 12 (8) 2011-2016, 2017-2018
67%
15 David N'Gog ST 81 14 (10) 2011-2014
67%
1 David Wheater CB 169 6 (6) 2010-2016, 2017-2019
67%
81 Erhun Öztümer AM 17 0 (0) 2018-2019
67%
25 Fabrice Muamba CM 56 2 (2) 2010-2012
67%
51 Filipe Morais RM 33 1 (3) 2017-2018
67%
38 Grétar Steinsson RB 46 2 (0) 2010-2012
67%
34 Ivan Klasnic ST 51 12 (6) 2010-2012
67%
45 Johan Elmander ST 37 10 (5) 2010-2011
67%
30 Jussi Jääskeläinen GK 53 0 (0) 2010-2012
67%
11 Kevin Davies ST 104 20 (14) 2010-2013
67%
41 Liam Trotter CM 43 3 (2) 2013-2016
67%
49 Marcos Alonso LB 35 5 (2) 2010-2013
67%
16 Mark Beevers CB 76 4 (0) 2017-2019
67%
3 Mark Davies CM 152 14 (12) 2010-2016
67%
17 Martin Petrov LW 74 10 (15) 2010-2013
67%
50 Matthew Taylor LM 35 2 (4) 2010-2011
67%
9 Neil Danns CM 106 9 (8) 2013-2016
67%
32 Paul Robinson LB 52 0 (1) 2010-2012
67%
47 Pawel Olkowski RB 37 2 (3) 2018-2019
67%
146 Quade Taylor CB 1 0 (0) 2014-2015
67%
73 Adam Armstrong ST 20 1 (0) 2017-2018
50%
69 André Moritz AM 23 7 (3) 2013-2014
50%
20 Ben Alnwick GK 66 0 (1) 2017-2019
50%
54 Clayton Donaldson ST 31 1 (1) 2018-2019
50%
94 Daniel Sturridge ST 12 8 (0) 2010-2011
50%
29 Dean Moxey LB 53 1 (5) 2014-2016
50%
43 Derik Osede CB 40 0 (0) 2015-2016, 2017-2018
50%
18 Dorian Dervite CB 73 1 (1) 2014-2016, 2017-2018
50%
123 Gaël Kakuta AM 4 0 (0) 2011-2012
50%
6 Jay Spearing DM 125 7 (17) 2012-2016
50%
39 Jermaine Beckford ST 46 7 (2) 2013-2015
50%
95 Josh Cullen DM 12 0 (0) 2017-2018
50%
7 Josh Vela CM 114 3 (8) 2011-2013, 2014-2016, 2017-2019
50%
14 Liam Feeney RM 82 8 (11) 2013-2016
50%
98 Luke Murphy CM 11 0 (1) 2018-2019
50%
13 Matt Mills CB 87 6 (4) 2012-2015
50%
31 Medo DM 52 3 (1) 2012-2015
50%
105 Ricardo Gardner LB 9 0 (1) 2010-2012
50%
83 Rodrigo ST 17 1 (1) 2010-2011
50%
21 Sammy Ameobi LW 65 8 (6) 2017-2019
50%
110 Shola Ameobi ST 8 2 (0) 2015-2016
50%
60 Stuart Holden CM 28 2 (2) 2010-2011, 2012-2013
50%
111 Tamir Cohen CM 8 1 (0) 2010-2011
50%
71 Wellington Silva RW 22 2 (4) 2015-2016
50%
40 Zach Clough RW 45 13 (1) 2014-2016, 2017-2018
50%
140 Alexander Samizadeh LW 1 0 (0) 2015-2016
33%
44 Alex Baptiste CB 39 4 (2) 2013-2014
33%
137 Andrew O'Brien CB 2 0 (0) 2010-2011
33%
33 Andy Lonergan GK 51 0 (1) 2012-2015
33%
12 Chris Eagles RW 93 17 (21) 2011-2014
33%
86 Craig Dawson CB 16 4 (1) 2012-2013
33%
22 Craig Noone RW 60 2 (1) 2017-2019
33%
114 Danny Butterfield RB 6 0 (0) 2012-2013
33%
92 Dedryck Boyata CB 14 1 (0) 2011-2012
33%
72 Eidur Gudjohnsen ST 21 5 (2) 2014-2015
33%
37 Emile Heskey ST 46 3 (6) 2014-2016
33%
116 Filip Twardzik CB 5 1 (0) 2014-2016
33%
129 Francesco Pisano RB 3 0 (0) 2015-2016
33%
23 Gary Madine ST 59 15 (7) 2015-2016, 2017-2018
33%
58 Gary O'Neil CM 29 3 (1) 2018-2019
33%
106 Jacob Butterfield CM 8 0 (0) 2012-2013
33%
87 Jem Karacan CM 16 0 (0) 2017-2018
33%
145 Joe Muscatt DM 1 0 (0) 2018-2019
33%
103 José Manuel Casado LB 9 0 (1) 2015-2016
33%
42 Josh Magennis ST 42 3 (1) 2018-2019
33%
70 Kevin McNaughton RB 22 1 (0) 2013-2015
33%
75 Lukas Jutkiewicz ST 20 7 (2) 2013-2014
33%
57 Mark Little RB 30 1 (1) 2017-2019
33%
65 Marvin Sordell ST 25 4 (2) 2011-2013
33%
46 Nigel Reo-Coker CM 37 3 (0) 2011-2012
33%
78 Remi Matthews GK 18 0 (0) 2018-2019
33%
109 Robbie Blake CF 8 1 (0) 2010-2012
33%
63 Rob Holding CB 26 1 (0) 2015-2016
33%
19 Sam Ricketts RB 69 1 (4) 2010-2013
33%
148 Simeon Slavchev DM 1 0 (0) 2014-2015
33%
133 Stephen Darby RB 3 0 (0) 2017-2018
33%
24 Will Buckley RW 57 7 (3) 2017-2019
33%
90 Yanic Wildschut LW 16 2 (0) 2018-2019
33%
101 Alan Hutton RB 9 0 (0) 2013-2014
17%
136 Alex Finney CB 2 0 (0) 2015-2016
17%
121 Andy Kellett LB 4 0 (0) 2013-2015
17%
84 Barry Bannan CM 16 0 (3) 2014-2015
17%
74 Benik Afobe ST 20 2 (0) 2012-2013
17%
85 Callum Connolly CB 16 2 (2) 2018-2019
17%
138 Chris Herd DM 2 0 (0) 2014-2015
17%
141 Chris Lester RM 1 0 (0) 2013-2014
17%
80 Christian Doidge ST 17 1 (0) 2018-2019
17%
122 Conor Wilkinson ST 4 0 (0) 2014-2015
17%
26 Gary Cahill CB 55 5 (0) 2010-2012
17%
139 George Newell ST 2 0 (0) 2015-2016
17%
124 Giles Coke CM 4 0 (0) 2014-2015
17%
130 Harry Brockbank RB 3 0 (0) 2018-2019
17%
142 Harry Charsley CM 1 0 (0) 2017-2018
17%
117 Hayden White RB 5 0 (0) 2013-2015
17%
143 Jack Earing CM 1 0 (0) 2018-2019
17%
64 Jack Hobbs CB 25 1 (0) 2018-2019
17%
125 Jan Kirchhoff DM 4 0 (0) 2017-2018
17%
48 Jason Lowe DM 35 0 (0) 2018-2019
17%
144 Jeff King RB 1 0 (0) 2017-2018
17%
59 Joe Mason ST 28 10 (0) 2013-2015
17%
126 Joe Pritchard LM 4 0 (0) 2018-2019
17%
131 Joe Riley RB 3 0 (0) 2011-2012
17%
56 Joe Williams CM 30 0 (2) 2018-2019
17%
93 Jonathan Grounds CB 13 0 (0) 2018-2019
17%
102 Jon Flanagan RB 9 0 (0) 2017-2018
17%
77 Kaiyne Woolery LW 18 2 (1) 2014-2016
17%
52 Karl Henry DM 33 1 (1) 2017-2018
17%
62 Keith Andrews CM 26 4 (0) 2012-2014
17%
96 Lawrie Wilson RB 12 1 (0) 2015-2016
17%
112 Lloyd Dyer LM 7 0 (0) 2018-2019
17%
99 Luca Connell DM 10 0 (0) 2018-2019
17%
107 Marc Tierney LB 8 0 (1) 2013-2014
17%
88 Marc Wilson CB 16 0 (0) 2018-2019
17%
108 Mark Howard GK 8 0 (0) 2017-2018
17%
82 Max Clayton CF 17 1 (2) 2014-2016
17%
118 Niall Maher CB 5 0 (0) 2015-2016
17%
104 Oscar Threlkeld DM 9 0 (0) 2013-2016
17%
132 Owen Garvan CM 3 0 (0) 2014-2015
17%
119 Patrick McCarthy CB 5 0 (0) 2014-2015
17%
113 Paul Rachubka GK 7 0 (0) 2015-2016
17%
76 Prince Gouano CB 19 0 (0) 2015-2016
17%
66 Reece Burke CB 25 1 (0) 2017-2018
17%
53 Rob Hall RW 32 1 (1) 2012-2015
17%
127 Rochinha LW 4 0 (0) 2014-2015
17%
147 Ronan Darcy AM 1 0 (0) 2018-2019
17%
97 Ryo Miyaichi RW 12 0 (2) 2011-2012
17%
100 Saidy Janko RB 10 1 (1) 2014-2015
17%
115 Sanmi Odelusi LW 6 0 (2) 2012-2014
17%
67 Stephen Dobbie ST 24 4 (0) 2015-2016
17%
91 Stephen Warnock LB 15 0 (0) 2012-2013
17%
134 Steve De Ridder CM 3 0 (0) 2012-2013
17%
128 Tom Eaves ST 4 0 (0) 2012-2013, 2014-2015
17%
79 Tom Walker LM 18 1 (1) 2014-2016
17%
149 Tom Youngs ST 1 0 (0) 2013-2014
17%
89 Tuncay Şanlı LW 16 0 (0) 2011-2012
17%
135 Tyler Garratt LB 3 0 (0) 2015-2016
17%
120 Tyler Walker ST 5 0 (0) 2017-2018
17%
61 Tyrone Mears RB 28 0 (1) 2011-2014
17%
No matching quizzes found
Score Distribution
Percent of People with Each Score
Percentile by Number Answered
Your Score History
You have not taken this quiz